| 000 | 00535nam a2200217Ia 4500 | ||
|---|---|---|---|
| 005 | 20250319070930.0 | ||
| 008 | 240331s9999 xx 000 0 und d | ||
| 020 | _a0415069270 | ||
| 082 |
_a302.23 _bETH _22535 |
||
| 245 | 0 | _aEthical Issues in Journalism and the Media | |
| 260 |
_aLondon; _aNew York, _bRoutledge _c1992 |
||
| 300 | _axiii, 179 p., | ||
| 650 | _aEthics | ||
| 650 | _aJournalism | ||
| 650 | _aPolitics | ||
| 650 | _aWomen | ||
| 650 | _aMedia | ||
| 700 |
_aBesley, A _eedt |
||
| 700 |
_aChadwick _eedt |
||
| 942 | _cL | ||
| 999 |
_c1120 _d1120 |
||